000
00277nam a2200121Ia 4500
100
_a
Leventhal/Lance A
942
_c
BK
654
_a
Z80
245
_a
Z80 Assembly language programming
260
_b
McGraw Hill
_a
California
_c
1986
082
_a
1.642
_b
LEV
546
_a
ENGLISH
999
_c
32618
_d
32618